000 00240nam a2200109Ia 4500
008 190216s9999||||xx |||||||||||||| ||und||
100 _aVasudevan Nair M T
245 0 _aAsuravithu
260 _bNbs Kottayam
650 _aNovel
942 _cBK
999 _c25545
_d25545